Statistics for Every City in Newport County, Rhode Island

Click here to take the quiz!

General Stats

  • This quiz has been taken 6 times
  • The average score is 4 of 6

Answers on the Map

Answers color-coded by a green-red scale on the quiz's map according to % correct below.
Loading ...
 

Answer Stats

City% Correct
Newport
100%
Middletown
80%
Jamestown
60%
Little Compton
60%
Portsmouth
60%
Tiverton
60%

Score Distribution

Percentile by Number Answered

Percent of People with Each Score

Your Score History

You have not taken this quiz